| 000 | 00777nam a2200301Ia 4500 | ||
|---|---|---|---|
| 001 | 8632 | ||
| 005 | 20240113234125.0 | ||
| 007 | ta | ||
| 008 | 050720s1991 a g b000 u eng u | ||
| 020 | _a81-7041-546-5 | ||
| 040 | _aCotton College Assam | ||
| 041 | _aeng | ||
| 082 |
_a371.1 _bCh 344 Di |
||
| 100 | _aChadda, D.K. | ||
| 245 | 0 |
_aDimensions of Teacher Education / _cD.K Chadda. _hTextual Documents |
|
| 250 | _a1st ed. / | ||
| 260 |
_aNew Delhi : _bAnmol Publications , _c1991. |
||
| 300 |
_avi, 127p. : _bill ; _c22cm . |
||
| 504 | _aBib, Index | ||
| 653 | _aEducation | ||
| 653 | _aTeacher Education | ||
| 653 | _aPG-Education | ||
| 653 | _aG-Education | ||
| 942 |
_2ddc _cBK |
||
| 999 |
_c8619 _d8619 |
||